Riconosci il Pokémon - Quiz n°455 - Statistics

Statistiche generali
  • Questo quiz è stato fatto 0 volte
  • Il punteggio medio è 0 su 10
Statistiche sulle risposte
Indizio Risposta % Corretto
Peso 210,0 kg
0%
Altezza 2,2 m
0%
Tasso di cattura 45 (11.9%)
0%
Sesso 50% ♂, 50% ♀
0%
Pokémon Dragonite
0%
Tipo Drago / Volante
0%
Abilità Forza Interiore; Multisquame
0%
Tasso di allevamento Lento
0%
Generazione Prima
0%
Stadio evoluzione Seconda evoluzione
0%
Nessun quiz corrispondente trovato
Distribuzione punteggi
Percentuale di utenti per punteggio
Percentile per numero di risposta
I tuoi punteggi nel tempo
Non hai fatto questo quiz